The Book You Want Everyone You Love* To Read / (Record no. 204145)
[ view plain ]
| 000 -LEADER | |
|---|---|
| fixed length control field | 01166nam a2200313 i 4500 |
| 005 - DATE AND TIME OF LATEST TRANSACTION | |
| control field | 20260511115751.0 |
| 008 - FIXED-LENGTH DATA ELEMENTS--GENERAL INFORMATION | |
| fixed length control field | 260510t20252023my a gr 000 0 may d |
| 020 ## - INTERNATIONAL STANDARD BOOK NUMBER | |
| International Standard Book Number | 9786294930209 |
| Terms of availability | RM30.00 |
| Qualifying information | paperback |
| 040 ## - CATALOGING SOURCE | |
| Original cataloging agency | PPAK |
| Language of cataloging | eng |
| Transcribing agency | PPAK |
| Description conventions | rda |
| 041 1# - LANGUAGE CODE | |
| Language code of text/sound track or separate title | may |
| Language code of original | eng |
| 082 04 - DEWEY DECIMAL CLASSIFICATION NUMBER | |
| Edition number | 23 |
| Classification number | 158.2 |
| 090 00 - LOCALLY ASSIGNED LC-TYPE CALL NUMBER (OCLC); LOCAL CALL NUMBER (RLIN) | |
| Classification number (OCLC) (R) ; Classification number, CALL (RLIN) (NR) | 158.2 |
| Feature heading | PER |
| Feature heading | G |
| 100 1# - MAIN ENTRY--PERSONAL NAME | |
| Personal name | Perry, Philippa, |
| Relator term | author. |
| 245 10 - TITLE STATEMENT | |
| Title | The Book You Want Everyone You Love* To Read / |
| Statement of responsibility, etc. | Perry, Philippa ; Editor: Puteri Balqis Amira ; Penterjemah: Noor Yanty Abu Hassan. |
| 246 33 - VARYING FORM OF TITLE | |
| Display text | Translation of: |
| Title proper/short title | The book you wish everyone love (and maybe a few you don't) |
| 250 ## - EDITION STATEMENT | |
| Edition statement | EDISI BAHASA MELAYU |
| 264 #1 - PRODUCTION, PUBLICATION, DISTRIBUTION, MANUFACTURE, AND COPYRIGHT NOTICE | |
| Place of production, publication, distribution, manufacture | Batu Caves, SELANGOR : |
| Name of producer, publisher, distributor, manufacturer | PTS PUBLISHING HOUSE SENDIRIAN BERHAD, |
| Date of production, publication, distribution, manufacture, or copyright notice | 2025 |
| Date of production, publication, distribution, manufacture, or copyright notice | ©2023 |
| 300 ## - PHYSICAL DESCRIPTION | |
| Extent | xi, 226 pages ; |
| Dimensions | 23 cm |
| 336 ## - CONTENT TYPE | |
| Content type term | text |
| Source | rdacontent |
| 337 ## - MEDIA TYPE | |
| Media type term | unmediated |
| Source | rdamedia |
| 338 ## - CARRIER TYPE | |
| Carrier type term | volume |
| Source | rdacarrier |
| 546 ## - LANGUAGE NOTE | |
| Language note | Text in Malay, translated from English. |
| 650 10 - SUBJECT ADDED ENTRY--TOPICAL TERM | |
| Topical term or geographic name entry element | Interpersonal conflict |
| Topical term or geographic name entry element | Interpersonal relations |
| 700 0# - ADDED ENTRY--PERSONAL NAME | |
| Personal name | Puteri Balqis Amira, |
| Relator term | editor. |
| Personal name | Noor Yanty Abu Hassan, |
| Relator term | translator. |
| 942 ## - ADDED ENTRY ELEMENTS (KOHA) | |
| Source of classification or shelving scheme | Dewey Decimal Classification |
| Koha item type | Book |
No items available.